Visualizzazione normale
Vista MARC
- CANTATE [COMPACT DISC]
di Topical Term
Records bibliografici associati: 1
001 - CONTROL NUMBER
- control field: 19439
003 - CONTROL NUMBER IDENTIFIER
- control field: IT-RoPau
005 - DATE AND TIME OF LATEST TRANSACTION
- control field: 20140408113523.0
008 - FIXED-LENGTH DATA ELEMENTS
- fixed length control field: 140408|| aca||aabn | a|a d
040 ## - CATALOGING SOURCE
- Original cataloging agency: IT-RoPau
- Transcribing agency: IT-RoPau
150 ## - HEADING--TOPICAL TERM
- Topical term or geographic name entry element: CANTATE [COMPACT DISC]
- : Codice MATERIA SPICS: 9949
670 ## - SOURCE DATA FOUND
- Source citation: Work cat.: (IT-RoPau)103431: Bach Johann Sebastian 19436, Kantatenwerk (Das) vol. 36 BWV 147 & 148